Práctica de los ejercicios espirituales de S. Ignacio de Loyola, fundador de la Compañía de Jesús

Detalles Bibliográficos
Autor principal: Torrubia, Pedro Tomás
Formato: Libro
Lenguaje:Spanish
Publicado: París 1842
Materias:
Colección:Banco de datos
Acervo:Biblioteca de la Congregación del Oratorio de San Felipe Neri de México. Iglesia La Profesa
Descripción Física:t. 14 cm.
Tema general:Ascética
Notas:Encuadernación en piel sobre cartón (4762, 4763). Sello en tinta del Oratorio de San Felipe Neri de México. Biblioteca La Profesa, D.F. (4763)
LEADER 01030nam a22001930004500
035 |a 2523 
041 0 |a spa 
100 1 |a Torrubia, Pedro Tomás 
245 1 0 |a Práctica de los ejercicios espirituales de S. Ignacio de Loyola, fundador de la Compañía de Jesús  |c por el P. Pedro Tomas Torrubia de la Compañía de Jesús 
260 |a París  |b librería de Rosa  |c 1842 
300 |a  t.  |c 14 cm. 
500 |a Encuadernación en piel sobre cartón (4762, 4763). Sello en tinta del Oratorio de San Felipe Neri de México. Biblioteca La Profesa, D.F. (4763) 
504 |a Índice de contenido 
505 0 0 |a t. 1 Las adiciones, anotaciones, meditaciones, oraciones vocales, lecciones espirituales, historiales, doctrinales, exámenes, etc., con método aplicable á ejercicios, asi públicas como privados 
650 1 0 |a Ascética 
949 |a Iglesia La Profesa, Biblioteca t. 1 (4762, 4763) 
942 |c PROFESA 
943 |g Biblioteca de la Congregación del Oratorio de San Felipe Neri de México. Iglesia La Profesa 
999 |c 949334  |d 949334